[Event "FIDE World Rapid Team"]
[Site "London ENG"]
[Date "2025.06.13"]
[Round "10.3"]
[White "Stepanyan, Henrik"]
[Black "Hill, Alistair"]
[Result "1/2-1/2"]
[WhiteElo "2140"]
[BlackElo "2095"]
[EventDate "2025.06.11"]
[Board "3"]

1. d4 Nf6 2. c4 g6 3. Nc3 d5 4. cxd5 Nxd5 5. Bd2 Bg7 6. e4 Nxc3 7. Bxc3 O-O
8. Qd2 c5 9. d5 e6 10. Bc4 Bxc3 11. bxc3 exd5 12. Bxd5 Nc6 13. Ne2 Be6 14.
O-O Bxd5 15. exd5 Ne5 16. f4 Nc4 17. Qd3 Nd6 18. f5 c4 19. Qg3 Ne4 20. Qf4
Qxd5 21. f6 Qd2 22. Qxe4 Rae8 23. Qxc4 Rxe2 24. Qg4 Rfe8 25. Rad1 Qe3+ 26.
Kh1 h5 27. Qh4 b6 28. Qc4 Qe4 29. Qxe4 R2xe4 30. h3 1/2-1/2

[Event "FIDE World Rapid Team"]
[Site "London ENG"]
[Date "2025.06.13"]
[Round "10.3"]
[White "Stewart, Ashley"]
[Black "Zakarian, Dimitrios Levon"]
[Result "1-0"]
[WhiteElo "2056"]
[BlackElo "2033"]
[EventDate "2025.06.11"]
[Board "4"]

1. c4 Nf6 2. g3 e6 3. Bg2 d5 4. d4 Be7 5. Nf3 O-O 6. O-O c6 7. Nc3 a5 8.
Qd3 Na6 9. e4 b5 10. cxb5 dxe4 11. Nxe4 Nb4 12. Nxf6+ Bxf6 13. Qe4 Bb7 14.
Bf4 Nd5 15. bxc6 Bxc6 16. Ne5 Bb5 17. Rfc1 Qb6 18. b3 Rac8 19. Bf1 Rfd8 20.
Bxb5 Qxb5 21. Rc4 Nxf4 22. Qxf4 Rxc4 23. bxc4 Qb2 24. Rd1 Qc2 25. Rc1 Bxe5
26. Rxc2 Bxf4 27. gxf4 Rxd4 28. c5 Rd7 29. Rb2 Kf8 30. Rb5 a4 31. Ra5 Rc7
32. Kg2 Ke7 33. Kf3 Kd7 34. Rxa4 Kc6 35. Rc4 Kd5 36. Rc2 Rc6 37. Rd2+ Kc4
38. Rd7 Rxc5 39. Rxf7 Rh5 40. Kg3 g6 41. Re7 Kd5 42. a4 Kd6 43. Ra7 h6 44.
h4 g5 45. hxg5 hxg5 46. Kg4 Rh2 47. fxg5 Rxf2 48. g6 Rg2+ 49. Kh5 e5 50.
Ra8 Ke7 51. g7 Rh2+ 52. Kg4 Rg2+ 53. Kf3 1-0

[Event "FIDE World Rapid Team"]
[Site "London ENG"]
[Date "2025.06.13"]
[Round "10.3"]
[White "Grigoryan, Meri"]
[Black "Aryaman, Ganguly"]
[Result "1/2-1/2"]
[WhiteElo "1908"]
[BlackElo "1604"]
[EventDate "2025.06.11"]
[Board "5"]

1. d4 d5 2. Nf3 Nf6 3. Bf4 e6 4. e3 c6 5. c3 Nbd7 6. Nbd2 Be7 7. Bd3 b6 8.
O-O Bb7 9. Rc1 O-O 10. h3 c5 11. Bb1 Re8 12. Ne5 Bf8 13. Bg5 Be7 14. Qc2 g6
15. Ndf3 Nxe5 16. Nxe5 Nd7 17. Bf4 Nxe5 18. Bxe5 Bd6 19. Qe2 Bxe5 20. dxe5
Qe7 21. Rfd1 Red8 22. f4 Rac8 23. Qg4 Kh8 24. Qe2 Rg8 25. Rd2 g5 26. Qh5
Rg7 27. Rf1 Rcg8 28. f5 exf5 29. Rxf5 Bc8 30. Rf6 Qxe5 31. Rdf2 Be6 32.
R2f3 d4 33. exd4 cxd4 34. cxd4 Qxd4+ 35. Rf2 Qh4 36. Rh6 Qxh5 37. Rxh5 Rd8
38. Kh2 Kg8 39. b3 Rd1 40. Be4 Rd8 41. Rh6 Re8 42. Rc2 Kh8 43. Rf6 Bxb3 44.
axb3 Rxe4 45. Rc8+ Rg8 46. Rc7 Rf8 47. Rxa7 Rb4 48. Rf3 Kg7 49. Rb7 h6 50.
Kg3 Kg6 51. Rc3 f5 52. Kf2 Rf6 53. g3 Rd6 54. Kf3 Re6 55. g4 f4 56. Kf2
Rbe4 57. Rc2 Re3 58. Rcc7 Rxb3 59. Rh7 Rxh3 60. Rbf7 h5 61. Rhg7+ Kh6 62.
Rh7+ Kg6 63. Rhg7+ Kh6 64. Rh7+ 1/2-1/2

[Event "FIDE World Rapid Team"]
[Site "London ENG"]
[Date "2025.06.13"]
[Round "10.3"]
[White "Cepoi, Gesneria-Codruta"]
[Black "Mesropyan, Hayk"]
[Result "0-1"]
[WhiteElo "1599"]
[BlackElo "1932"]
[EventDate "2025.06.11"]
[Board "6"]

1. d4 d5 2. c4 e6 3. Nf3 Nf6 4. g3 Be7 5. Bg2 O-O 6. O-O b6 7. Nc3 Bb7 8.
Re1 c5 9. e3 Nc6 10. b3 dxc4 11. bxc4 Na5 12. Qd3 Rc8 13. Ne5 Bxg2 14. Kxg2
Qc7 15. Ba3 Rfd8 16. Rac1 Qxe5 17. dxe5 Rxd3 18. exf6 Bxf6 19. Bb2 Nxc4 20.
Ba1 Na3 21. Red1 Rxd1 22. Rxd1 Nc2 23. Bb2 Rd8 24. Rxd8+ Bxd8 25. Nb5 a6
26. Nd6 Bc7 27. Nb7 Ne1+ 28. Kf1 Nd3 29. Bc3 Nb4 30. a3 Nc6 31. a4 a5 32.
Ke2 Kf8 33. Kd3 Ne5+ 34. Bxe5 Bxe5 35. Nd8 Bc7 36. Nc6 h5 37. h3 Ke8 38.
Na7 g5 39. g4 hxg4 40. hxg4 Kd7 41. Ke4 Bh2 42. f4 gxf4 43. exf4 f6 44. f5
exf5+ 45. gxf5 Bb8 46. Nb5 Kc6 47. Nc3 Be5 48. Nb5 c4 49. Na7+ Kc5 50. Nc8
c3 51. Kd3 b5 52. axb5 Kxb5 53. Ne7 Kc5 54. Ng6 a4 55. Nxe5 fxe5 56. Kxc3
e4 57. f6 Kd6 58. Kd4 a3 59. Kxe4 a2 60. Kf5 a1=Q 61. Kg6 Ke6 0-1

[Event "FIDE World Rapid Team"]
[Site "London ENG"]
[Date "2025.06.13"]
[Round "10.4"]
[White "Momunaliev, Ruslan"]
[Black "Khoury, Theo"]
[Result "1/2-1/2"]
[WhiteElo "2070"]
[BlackElo "2144"]
[EventDate "2025.06.11"]
[Board "1"]

1. e4 c5 2. Nf3 d6 3. Bb5+ Bd7 4. Bxd7+ Nxd7 5. O-O Ngf6 6. Re1 e6 7. c4
Ne5 8. Nc3 Be7 9. d3 O-O 10. Bf4 Nc6 11. h3 Rc8 12. Rc1 a6 13. Bg3 Qa5 14.
Qb3 Qb4 15. Qxb4 Nxb4 16. Red1 Rfd8 17. a3 Nc6 18. Bh4 h6 19. b3 Rb8 20. d4
cxd4 21. Nxd4 Nxd4 22. Rxd4 b5 23. cxb5 axb5 24. Rcd1 Rdc8 25. Na2 g5 26.
Bg3 e5 27. Rb4 Ra8 28. a4 bxa4 29. bxa4 Rc2 30. Nc1 d5 31. Rb7 Ba3 32. Bxe5
Nxe4 33. Nd3 f6 34. f3 Nc3 35. Bxc3 Rxc3 36. Nf2 Bc5 37. Kf1 Rc2 38. Ng4
Rxa4 39. Nxf6+ Kf8 40. Nd7+ Ke8 41. Nxc5 Rxc5 42. Re1+ Kd8 43. Rh7 Rc2 44.
Rb1 Kc8 45. Re1 Kd8 46. Rb1 Kc8 47. Re1 Kd8 1/2-1/2

[Event "FIDE World Rapid Team"]
[Site "London ENG"]
[Date "2025.06.13"]
[Round "10.4"]
[White "Verbytski, Oleg"]
[Black "Kurbanbaev, Zalkar"]
[Result "0-1"]
[WhiteElo "2090"]
[BlackElo "1848"]
[EventDate "2025.06.11"]
[Board "2"]

1. e4 c5 2. Nf3 d6 3. d4 cxd4 4. Nxd4 Nf6 5. Nc3 a6 6. Be3 e5 7. Nb3 Be6 8.
Be2 Be7 9. Bf3 O-O 10. O-O Nbd7 11. a4 b6 12. Re1 Qc7 13. Nd2 Rfd8 14. Nf1
Rac8 15. h3 h6 16. Nh2 Qb8 17. Ng4 Nxg4 18. Bxg4 Nf6 19. Nd5 Nxd5 20. exd5
Bxg4 21. hxg4 Qc7 22. c3 Rd7 23. Qe2 Qb7 24. c4 Bg5 25. Bxg5 hxg5 26. Qd3
Rdc7 27. b3 b5 28. cxb5 axb5 29. a5 b4 30. a6 Qb6 31. Re3 g6 32. Kh2 Kg7
33. Qe2 Qd4 34. Rd1 Qb6 35. Ra1 Ra8 36. Re4 Rc3 37. Qa2 f5 38. gxf5 gxf5
39. Rc4 Rxc4 40. bxc4 b3 41. Qa5 Qxa5 42. Rxa5 b2 43. Rb5 Rxa6 44. Rxb2 e4
45. g4 Kf6 46. gxf5 Kxf5 47. Kg2 Ke5 48. Rb8 Ra2 49. Re8+ Kd4 50. Kg3 Ra3+
51. Kg2 g4 52. Re6 Kxc4 53. Rxe4+ Kxd5 54. Rxg4 Ke5 55. Rb4 d5 56. Kf1 Ra2
57. Kg2 d4 58. Kf3 Kd5 59. Rb8 Kc4 60. Ke4 Re2+ 61. Kf3 Re7 62. Kg2 d3 63.
Rc8+ Kd4 64. Rd8+ Kc3 65. Rc8+ Kb2 66. f4 d2 67. Rd8 Kc2 68. Rc8+ Kd3 69.
Rd8+ Ke2 70. Kg3 Re3+ 0-1

[Event "FIDE World Rapid Team"]
[Site "London ENG"]
[Date "2025.06.13"]
[Round "10.4"]
[White "Beknazarov, Emir"]
[Black "Dicen, Elis Denele"]
[Result "1-0"]
[WhiteElo "1870"]
[BlackElo "1982"]
[EventDate "2025.06.11"]
[Board "3"]

1. d4 d5 2. c4 e6 3. Nc3 Nf6 4. cxd5 exd5 5. Bg5 Bb4 6. e3 h6 7. Bh4 g5 8.
Bg3 Ne4 9. Qa4+ Nc6 10. Qc2 Bf5 11. Bd3 Qe7 12. Ne2 h5 13. h4 g4 14. Bf4
Bg6 15. g3 O-O-O 16. O-O Kb8 17. a3 Ba5 18. Rfd1 Qe6 19. Rab1 Qe7 20. b4
Bb6 21. Na4 Rhe8 22. Nc5 Ka8 23. a4 Bxc5 24. bxc5 Nb8 25. c6 Nxc6 26. Rxb7
Kxb7 27. Ba6+ Kb8 28. Qxc6 Nd6 29. Rd2 Qd7 30. Rb2+ Nb7 31. Qxb7# 1-0

[Event "FIDE World Rapid Team"]
[Site "London ENG"]
[Date "2025.06.13"]
[Round "10.4"]
[White "Zhao, George"]
[Black "Muradylov, Baiel"]
[Result "1/2-1/2"]
[WhiteElo "1939"]
[BlackElo "1834"]
[EventDate "2025.06.11"]
[Board "4"]

1. d4 Nf6 2. c4 e6 3. g3 d5 4. Nf3 Be7 5. Bg2 O-O 6. O-O dxc4 7. Qc2 a6 8.
a4 Bd7 9. Qxc4 Bc6 10. Nc3 b5 11. Qd3 b4 12. Nb1 Be4 13. Qb3 Bd5 14. Qd3
Be4 15. Qb3 Bd5 16. Qd3 Be4 1/2-1/2

[Event "FIDE World Rapid Team"]
[Site "London ENG"]
[Date "2025.06.13"]
[Round "10.4"]
[White "Keneshbekov, Elim"]
[Black "Jakhria, Kushal"]
[Result "1-0"]
[WhiteElo "1832"]
[BlackElo "1956"]
[EventDate "2025.06.11"]
[Board "5"]

1. e4 c5 2. Nf3 e6 3. b3 b6 4. Bb2 Bb7 5. Nc3 Nc6 6. d4 cxd4 7. Nxd4 Bc5 8.
Ndb5 Qf6 9. Qd2 O-O-O 10. Na4 e5 11. Nxc5 bxc5 12. Qd6 Qxd6 13. Nxd6+ Kc7
14. Nxf7 Nf6 15. Nxh8 Rxh8 16. f3 d6 17. O-O-O Nd8 18. Bc4 Bc6 19. Rd2 Nb7
20. Rhd1 Ne8 21. Ba6 Nd8 22. Bxe5 dxe5 23. Rxd8 Rf8 24. a4 Rf6 25. Rc8+ Kb6
26. Bb5 Bxb5 27. axb5 Nc7 28. Rd7 Nxb5 29. Rxg7 Rh6 30. h3 Nd4 31. Rb8+ Ka6
32. Rbb7 Nc6 33. Rxh7 Rg6 34. Rbg7 Rd6 35. h4 Ka5 36. h5 Kb4 37. Kb2 Rd2
38. Rb7+ Ka5 39. Rxa7+ Kb6 40. Rhb7# 1-0

[Event "FIDE World Rapid Team"]
[Site "London ENG"]
[Date "2025.06.13"]
[Round "10.4"]
[White "Kendall, Arthur"]
[Black "Sezdbekova, Aizhan"]
[Result "1-0"]
[WhiteElo "1712"]
[BlackElo "1793"]
[EventDate "2025.06.11"]
[Board "6"]

1. d4 Nf6 2. c4 e6 3. Nf3 d5 4. g3 c6 5. Bg2 Bd6 6. O-O O-O 7. Qc2 Nbd7 8.
Nbd2 e5 9. dxe5 Nxe5 10. Nxe5 Bxe5 11. Nf3 Qc7 12. Nxe5 Qxe5 13. cxd5 cxd5
14. Bf4 Qh5 15. Rfd1 Be6 16. Rd4 Rac8 17. Qd2 h6 18. Bf3 Qf5 19. Rd3 Rc6
20. Rc1 Bd7 21. Rxc6 bxc6 22. Ra3 Ra8 23. Qd4 a6 24. Qb6 Qc2 25. Kg2 Qc4
26. Qb7 Re8 27. Qxa6 Qd4 28. Rb3 g5 29. Be3 Qe5 30. h3 d4 31. Bd2 c5 32.
Rb6 Kg7 33. e3 Qf5 34. g4 Qe5 35. exd4 cxd4 36. Qa5 Qxa5 37. Bxa5 Re5 38.
Bb4 Re6 39. Rxe6 fxe6 40. Bd6 d3 41. Kf1 Bb5 42. Ke1 Nd7 43. Kd2 Nb6 44. b3
Kf6 45. Be4 e5 46. Bxd3 Bc6 47. Bf1 Ke6 48. Bf8 Nd7 49. Ba3 Nf6 50. Ke3
Nd5+ 51. Kd2 Nf4 52. Bf8 h5 53. gxh5 Nxh5 54. a4 Nf4 55. a5 Ba8 56. b4 Kd7
57. b5 Bd5 58. Bc5 Ne6 59. Be3 Kc8 60. Be2 Nf4 61. Bxf4 exf4 62. Bg4+ Kb7
63. Kc3 Bg2 64. Kd4 Bf1 65. Kc5 Bg2 66. Kd6 Be4 67. Ke5 Bd3 68. Bd7 Kc7 69.
a6 Bf1 70. Bc6 Kb6 71. Kf6 Bxh3 72. Kxg5 f3 73. Kf4 Bc8 74. Bxf3 1-0

[Event "FIDE World Rapid Team"]
[Site "London ENG"]
[Date "2025.06.13"]
[Round "10.5"]
[White "Grahn, Vidar"]
[Black "Vaidyanathan, Adithya"]
[Result "1-0"]
[WhiteElo "2201"]
[BlackElo "2147"]
[EventDate "2025.06.11"]
[Board "1"]

1. Nf3 c5 2. g3 g6 3. Bg2 Bg7 4. c4 Nc6 5. Nc3 e5 6. a3 a5 7. d3 Nge7 8.
Nd2 d6 9. Nf1 O-O 10. Ne3 h6 11. O-O f5 12. Ned5 Nxd5 13. Nxd5 Be6 14. Rb1
Bxd5 15. Bxd5+ Kh7 16. Bd2 Qd7 17. b4 cxb4 18. axb4 a4 19. e3 Ne7 20. Bg2
d5 21. Bc3 Rfc8 22. b5 Kg8 23. Bb4 dxc4 24. dxc4 Qc7 25. Bd6 Qd7 26. Ba3
Rd8 27. Qc2 e4 28. Rfd1 Qe8 29. Bf1 Nc8 30. c5 Ne7 31. Bc4+ Kh7 32. Rd6
Rxd6 33. cxd6 Nc8 34. Bd5 Nb6 35. Bxb7 Rb8 36. Qc7 Na8 37. Bxa8 Rxa8 38. b6
Qe6 39. b7 Qa2 40. Rf1 Rg8 41. b8=Q Rxb8 42. Qxb8 Qxa3 43. d7 Bf6 44. d8=Q
Bxd8 45. Qxd8 h5 46. Rd1 Qb2 47. Qe7+ Kh6 48. h4 Qb3 49. Qf8+ 1-0

[Event "FIDE World Rapid Team"]
[Site "London ENG"]
[Date "2025.06.13"]
[Round "10.5"]
[White "Murawski, Jan"]
[Black "Strom-Engdahl, Alexander"]
[Result "1-0"]
[WhiteElo "1985"]
[BlackElo "2113"]
[EventDate "2025.06.11"]
[Board "2"]

1. d4 g6 2. e4 Bg7 3. Nc3 d6 4. Be3 a6 5. a4 Nf6 6. f3 Nc6 7. Qd2 O-O 8.
Bc4 e5 9. Nge2 exd4 10. Nxd4 Re8 11. O-O Ne5 12. Bb3 c5 13. Nde2 Be6 14.
Bxe6 fxe6 15. b3 Qc7 16. Rad1 Rad8 17. Bg5 Qc6 18. Qf4 Rf8 19. Qh4 Rde8 20.
Nf4 b5 21. Qh3 b4 22. Nxe6 bxc3 23. Nxf8 Kxf8 24. Bxf6 Bxf6 25. Qxh7 Re7
26. Qh6+ Bg7 27. Qg5 c4 28. f4 Nf7 29. Qxg6 Qxe4 30. Qxe4 Rxe4 31. bxc4
Rxc4 32. g4 Rxa4 33. g5 Rd4 34. Rxd4 Bxd4+ 35. Kg2 a5 36. Ra1 Bb6 37. Kf3
d5 38. h4 Nd6 39. Kg4 Nc4 40. Kh5 Ne3 41. Kg6 Ng2 42. Kh7 Nxh4 43. g6 Bd4
44. Rxa5 Bf6 45. Rxd5 Nf3 46. Rf5 Ke7 47. Rxf6 Kxf6 48. g7 Kf5 49. g8=Q
Kxf4 50. Qc4+ 1-0

[Event "FIDE World Rapid Team"]
[Site "London ENG"]
[Date "2025.06.13"]
[Round "10.5"]
[White "Frank, Anton"]
[Black "Zhu, Pengxiao"]
[Result "1-0"]
[WhiteElo "2110"]
[BlackElo "1984"]
[EventDate "2025.06.11"]
[Board "3"]

1. e4 e5 2. Nf3 Nc6 3. Bc4 Nf6 4. d3 h6 5. O-O d6 6. c3 g5 7. Nbd2 Bg7 8.
Bb3 O-O 9. Nc4 a5 10. Re1 Re8 11. a4 d5 12. Ncd2 dxe4 13. dxe4 g4 14. Nh4
Nxe4 15. Nxe4 Qxh4 16. Be3 Bf5 17. Ng3 Bg6 18. Bd5 Rad8 19. Qb3 Qf6 20. Ne4
Bxe4 21. Bxe4 b6 22. Qc4 Rd6 23. Bxc6 Rxc6 24. Qxg4 Qe7 25. Rad1 Rg6 26.
Qh5 Kh7 27. Rd5 Qe6 28. Red1 Bf8 29. g3 Bd6 30. Bxb6 Rb8 31. Bc5 Qe7 32.
Bxd6 cxd6 33. Qe2 Qc7 34. Qd2 Rb6 35. b4 axb4 36. cxb4 Qc4 37. a5 Rxb4 38.
Rxd6 Ra4 39. Rxg6 Kxg6 40. Qd6+ f6 41. Qd8 Ra2 42. Qe8+ Qf7 43. Qb5 Qa7 44.
Qd3+ Kg7 45. Qf3 Rxa5 46. Qg4+ Kf8 47. Rd7 Ra1+ 48. Kg2 Qa8+ 49. Kh3 Ke8
50. Qe6+ 1-0

[Event "FIDE World Rapid Team"]
[Site "London ENG"]
[Date "2025.06.13"]
[Round "10.5"]
[White "Longson, Sarah N"]
[Black "Nilsson, Oliver"]
[Result "1-0"]
[WhiteElo "2045"]
[BlackElo "2043"]
[EventDate "2025.06.11"]
[Board "4"]

1. e4 c5 2. Nc3 a6 3. g3 Nc6 4. Bg2 b5 5. e5 Bb7 6. f4 Qb8 7. Nf3 Nd4 8.
O-O d6 9. Re1 dxe5 10. Rxe5 e6 11. Nxd4 cxd4 12. Nd5 Bd6 13. Re1 Ne7 14.
Nxe7 Bxe7 15. f5 O-O 16. d3 Bxg2 17. Kxg2 Bb4 18. Re4 exf5 19. Rxd4 Bc5 20.
Rd5 Qb7 21. Qf3 Rac8 22. Rxf5 Qe7 23. Bd2 g6 24. Re1 Qxe1 25. Bxe1 gxf5 26.
Qxf5 b4 27. Bd2 Rc6 28. Bg5 Bd4 29. Qe4 Rxc2+ 30. Kh3 Bg7 31. Qg4 f5 32.
Qxb4 Rxb2 33. Qc4+ Kh8 34. Qxa6 Re8 35. a4 Rbe2 36. Bf6 R2e6 37. Bxg7+ Kxg7
38. Qb7+ R8e7 39. Qb2+ Kg8 40. a5 Re2 41. Qb8+ Kg7 42. Qf4 R7e6 43. Qc7+
Kh8 44. Qd8+ Kg7 45. Qd7+ Kg8 46. Kh4 Rg6 47. h3 h6 48. a6 Rg4+ 49. Kh5 Rh2
50. Qe6+ Kg7 51. Qxh6+ Kg8 52. Qe6+ Kg7 53. Qxf5 Rb4 54. a7 Ra2 55. Qg5+
Kh8 56. Qd8+ Kh7 57. Qe7+ Kg8 58. Qxb4 Rxa7 59. Qb8+ 1-0

[Event "FIDE World Rapid Team"]
[Site "London ENG"]
[Date "2025.06.13"]
[Round "10.5"]
[White "Veselow, Zoe"]
[Black "Letoret, Tim"]
[Result "1-0"]
[WhiteElo "1775"]
[BlackElo "1794"]
[EventDate "2025.06.11"]
[Board "6"]

1. e4 d5 2. exd5 Nf6 3. d4 Nxd5 4. c4 Nf6 5. Nf3 Bg4 6. Be2 e6 7. O-O c5 8.
Be3 cxd4 9. Nxd4 Bxe2 10. Qxe2 Be7 11. Nc3 O-O 12. Rfd1 Qc8 13. Bf4 a6 14.
Rac1 Nc6 15. Ne4 Rd8 16. Nf3 Nxe4 17. Qxe4 Bf6 18. b3 Bb2 19. Rb1 Bc3 20.
Be3 Qc7 21. Ng5 g6 22. Qh4 h5 23. g4 hxg4 24. Qh7+ Kf8 25. Bc5+ 1-0

[Event "FIDE World Rapid Team"]
[Site "London ENG"]
[Date "2025.06.13"]
[Round "10.6"]
[White "Skytte, Rasmus"]
[Black "Eren, Ataberk"]
[Result "0-1"]
[WhiteElo "2412"]
[BlackElo "2195"]
[EventDate "2025.06.11"]
[Board "1"]

1. e4 c6 2. d4 d5 3. Nd2 dxe4 4. Nxe4 Nf6 5. Nxf6+ exf6 6. Be3 Na6 7. c3
Nc7 8. Bd3 Nd5 9. Bd2 Bd6 10. Qc2 Nf4 11. Bxf4 Bxf4 12. Ne2 Bh6 13. f4 g6
14. f5 Be3 15. Rf1 Qe7 16. Rf3 Bd7 17. Kf1 O-O-O 18. Re1 Bg5 19. Ng3 Qd6
20. Kg1 Qd5 21. Qb3 Qxb3 22. axb3 Bh4 23. Re7 Rhf8 24. Rf4 Bg5 25. Rf3 Bc1
26. Bc4 Bxb2 27. Bxf7 Ba3 28. b4 a5 29. fxg6 hxg6 30. Bxg6 axb4 31. c4 Bb2
32. d5 Bd4+ 33. Kf1 cxd5 34. Rd3 Bc5 35. Rxd7 Kxd7 36. cxd5 Ra8 37. Ne4 Bd6
38. Bf5+ Kc7 39. Rh3 Rh8 40. Rb3 Ra1+ 41. Ke2 Rxh2 42. Bh3 Ra2+ 43. Kd3 Ra3
44. Kc4 b5+ 45. Kxb5 Rxb3 46. Nxf6 Rbxh3 0-1

[Event "FIDE World Rapid Team"]
[Site "London ENG"]
[Date "2025.06.13"]
[Round "10.6"]
[White "Makaraci, Tunahan"]
[Black "Kistrup, Nicolai"]
[Result "1-0"]
[WhiteElo "2151"]
[BlackElo "2221"]
[EventDate "2025.06.11"]
[Board "2"]

1. e4 e5 2. Nf3 Nc6 3. d4 exd4 4. Nxd4 Nf6 5. Nxc6 bxc6 6. e5 Qe7 7. Qe2
Nd5 8. c4 Ba6 9. b3 g6 10. Bb2 Bg7 11. Nd2 O-O 12. O-O-O Rfe8 13. Qe4 Nb6
14. f4 d5 15. Qc2 Qc5 16. cxd5 Qxc2+ 17. Kxc2 Bxf1 18. Rhxf1 cxd5 19. Ba3
Bf8 20. Bxf8 Kxf8 21. Nb1 a5 22. Nc3 c6 23. a4 Ke7 24. g4 Nd7 25. Ne2 Nc5
26. Nd4 Kd7 27. Rf3 Ne4 28. Ne2 Rab8 29. Nc1 f5 30. gxf5 gxf5 31. Rh3 Re7
32. Rg1 c5 33. Rh6 c4 34. Rd1 Ke8 35. Rc6 cxb3+ 36. Nxb3 Reb7 37. Rd3 Rb4
38. Rh3 Rxa4 39. Rxh7 Rab4 40. Rcc7 Rc4+ 41. Rxc4 dxc4 42. Rh8+ Kd7 43.
Rxb8 cxb3+ 44. Rxb3 Kc6 45. Re3 Kc5 46. h4 Kd4 47. Rxe4+ fxe4 48. e6 1-0

[Event "FIDE World Rapid Team"]
[Site "London ENG"]
[Date "2025.06.13"]
[Round "10.6"]
[White "Nilssen, Ellen Fredericia"]
[Black "Eken, Atakan"]
[Result "1-0"]
[WhiteElo "2104"]
[BlackElo "2003"]
[EventDate "2025.06.11"]
[Board "3"]

1. d4 Nf6 2. c4 c5 3. d5 b5 4. cxb5 a6 5. b6 Qxb6 6. Nc3 d6 7. e4 g6 8. h3
Bg7 9. Nf3 O-O 10. Be2 Nbd7 11. O-O a5 12. a4 Ba6 13. Re1 Ne8 14. Ra3 Bxe2
15. Rxe2 Nc7 16. Rb3 Qa6 17. Bg5 Rfe8 18. Nb5 Nxb5 19. Rxb5 Rab8 20. Rxb8
Nxb8 21. e5 dxe5 22. Qc2 Nd7 23. Rd2 h6 24. Be3 Rb8 25. Ne1 f5 26. f3 c4
27. h4 Rb3 28. Bf2 h5 29. d6 e6 30. g4 hxg4 31. fxg4 Qc6 32. h5 Rh3 33. Ng2
c3 34. Rd1 Qf3 35. Qb3 Kf7 36. hxg6+ Kf6 37. g5+ Kxg5 38. Rf1 Qh5 39. Be3+
Rxe3 40. Nxe3 Qxg6 41. Rf2 Kf6+ 42. Rg2 Qh6 43. Qxc3 Qf4 44. Qe1 Bh6 45.
Nf1 Qd4+ 46. Kh1 Bg5 47. Qxa5 Qxd6 48. Qd8+ 1-0

[Event "FIDE World Rapid Team"]
[Site "London ENG"]
[Date "2025.06.13"]
[Round "10.6"]
[White "Tahaoglu, Ugur Barkin"]
[Black "Skytte, Robert"]
[Result "1-0"]
[WhiteElo "1959"]
[BlackElo "1846"]
[EventDate "2025.06.11"]
[Board "4"]

1. d4 d5 2. Nf3 c5 3. dxc5 e6 4. e4 dxe4 5. Qxd8+ Kxd8 6. Ng5 Ke8 7. Nxe4
Nc6 8. Be3 f5 9. Nd6+ Bxd6 10. cxd6 Kd7 11. Nc3 a6 12. Na4 Kxd6 13. O-O-O+
Kc7 14. Nb6 Rb8 15. Nc4 b5 16. Bf4+ Kb7 17. Nd6+ Ka8 18. Nf7 e5 19. Be3
Nge7 20. Nxh8 Be6 21. Rd6 Bd5 22. Rxd5 Nxd5 23. Nf7 Rf8 24. Ng5 h6 25. Ne6
Rf7 26. c4 Nxe3 27. fxe3 Re7 28. cxb5 Nb4 29. a3 Nd5 30. Nc5 Rc7 31. b4
Nxe3 32. bxa6 e4 33. Kd2 Nd5 34. Bc4 Nf6 35. Rf1 g6 36. Kc3 Rc8 37. Rd1 f4
38. Rd6 Rf8 39. Nd7 Nxd7 40. Rxd7 f3 41. Bd5+ Kb8 42. a7+ 1-0

[Event "FIDE World Rapid Team"]
[Site "London ENG"]
[Date "2025.06.13"]
[Round "10.6"]
[White "Derlich, Sarah Sima"]
[Black "Kalender, Murat Emre"]
[Result "1-0"]
[WhiteElo "1807"]
[BlackElo "1755"]
[EventDate "2025.06.11"]
[Board "5"]

1. e4 Nf6 2. e5 Nd5 3. d4 d6 4. exd6 cxd6 5. Nf3 Nb6 6. Bd3 g6 7. O-O Bg4
8. h3 Bxf3 9. Qxf3 Nc6 10. Bb5 d5 11. Re1 h6 12. Qf6 Rg8 13. Bxc6+ bxc6 14.
Qxc6+ Nd7 15. Nc3 Rc8 16. Qa4 f6 17. Nxd5 Kf7 18. Bf4 Nb6 19. Nxb6 axb6 20.
Qb3+ Kg7 21. Bxh6+ Kxh6 22. Qxg8 Rxc2 23. Qh8+ Kg5 24. f4+ Kf5 25. Re5+
Kxf4 26. Qh4# 1-0

[Event "FIDE World Rapid Team"]
[Site "London ENG"]
[Date "2025.06.13"]
[Round "10.6"]
[White "Demir, Aleyna"]
[Black "Andries, Leia"]
[Result "0-1"]
[WhiteElo "1591"]
[BlackElo "1708"]
[EventDate "2025.06.11"]
[Board "6"]

1. e4 c5 2. Nf3 Nc6 3. d4 cxd4 4. Nxd4 Nf6 5. Nc3 e6 6. Be3 Bb4 7. Bd3 d5
8. Nxc6 bxc6 9. exd5 cxd5 10. Bd4 O-O 11. O-O Bd6 12. Re1 Re8 13. Nb5 Bb8
14. Be5 Bxe5 15. Rxe5 a6 16. Nd4 Qc7 17. Qe2 Rb8 18. c3 Qd6 19. Re1 Bb7 20.
Qf3 Bc8 21. Rg5 Kh8 22. Rge5 Rxb2 23. Nf5 Qf8 24. Nh6 Rxa2 25. Bb1 Rb2 26.
Rg5 a5 27. Ng4 Ne4 28. Bxe4 dxe4 29. Qxe4 Bb7 30. Qd3 Rd8 31. Qh3 h6 32.
Rxa5 Rbd2 33. Rh5 Kh7 34. c4 Rd1 35. Re5 Qb4 36. Qe3 R8d3 37. Qe2 R1d2 38.
Qf1 Qxc4 39. Ne3 Qd4 40. Rb5 Ba6 41. Rbb1 0-1

[Event "FIDE World Rapid Team"]
[Site "London ENG"]
[Date "2025.06.13"]
[Round "10.7"]
[White "O`gorman, Tom"]
[Black "Kawuma, Patrick"]
[Result "1/2-1/2"]
[WhiteElo "2257"]
[BlackElo "2218"]
[EventDate "2025.06.11"]
[Board "1"]

1. d4 Nf6 2. Nf3 g6 3. c4 d6 4. Nc3 Bf5 5. g3 Ne4 6. Nb1 c5 7. Bg2 Qa5+ 8.
Nbd2 Nc6 9. O-O Nf6 10. d5 Nb4 11. Ne1 Bg7 12. a3 Na6 13. e4 Bg4 14. f3 Bd7
15. Nd3 b5 16. f4 O-O 17. h3 bxc4 18. Nxc4 Qb5 19. Qc2 Nc7 20. Be3 Rab8 21.
b4 cxb4 22. axb4 Na6 23. Na3 Nxb4 24. Nxb4 Qxb4 25. Rfb1 Qa4 26. Qxa4 Bxa4
27. Bxa7 Rbc8 28. Bd4 Nh5 29. Rb4 Bd7 30. Bxg7 Kxg7 31. Rb3 Rc5 32. Re1
Rfc8 33. Ree3 R8c7 34. Kh2 Ba4 35. Rbd3 Bc2 36. Nxc2 Rxc2 37. Ra3 h6 38. e5
Rb2 39. Rec3 Rxc3 40. Rxc3 dxe5 41. fxe5 Re2 42. e6 fxe6 43. dxe6 Rxe6 44.
Bf3 Nf6 45. Kg2 Rd6 46. Re3 Kf7 47. Be2 e6 48. Kf3 Rc6 49. h4 Nd5 50. Ra3
Kf6 51. Bd3 Ne7 52. Rb3 Rd6 53. Ra3 Nc6 54. Ke3 Ne5 55. Be2 Nf7 56. Bd3 Rb6
57. Be2 Nd6 58. Bd3 Nf5+ 59. Kf3 Rd6 60. Be4 Nd4+ 61. Ke3 e5 62. Ra8 Nf5+
63. Kf3 Rb6 64. Ra3 Nd6 65. Rd3 Nf5 66. Ra3 Nd4+ 67. Ke3 g5 68. Bd3 g4 69.
Be4 Rb3+ 70. Rxb3 Nxb3 71. Bb7 Nd4 72. Bc8 h5 73. Bb7 Nf5+ 74. Kf2 Nd6 75.
Bd5 e4 76. Bg8 Ke5 77. Bh7 Kd4 78. Bg6 e3+ 79. Ke1 Ne4 80. Bxh5 Nxg3 81.
Bxg4 Ke5 1/2-1/2

[Event "FIDE World Rapid Team"]
[Site "London ENG"]
[Date "2025.06.13"]
[Round "10.7"]
[White "Gurevich, Artjom"]
[Black "Goh, Jinghan Cameron"]
[Result "1-0"]
[WhiteElo "2137"]
[BlackElo "1992"]
[EventDate "2025.06.11"]
[Board "2"]

1. d4 Nf6 2. Nf3 d5 3. c4 e6 4. g3 Bb4+ 5. Bd2 Bd6 6. Bg2 O-O 7. O-O Ne4 8.
Nc3 f5 9. Bf4 c6 10. Bxd6 Qxd6 11. Ne5 Nd7 12. Nxd7 Bxd7 13. Qd3 Rf6 14. e3
Qe7 15. Ne2 dxc4 16. Qc2 Nd6 17. a4 g5 18. b3 cxb3 19. Qxb3 Rb8 20. Rfc1
Qe8 21. a5 Nb5 22. Nc3 Nxc3 23. Qxc3 Qf7 24. f4 g4 25. Rab1 Qe7 26. Qb4 Qe8
27. Qc5 a6 28. Qe5 Rh6 29. Rb2 Qc8 30. Rcb1 Rg6 31. Rb6 Kf7 32. Rxa6 b5 33.
Rb6 Rg8 34. Rc1 Rxb6 35. axb6 Qb7 36. Qd6 Rc8 37. Ra1 1-0